Vývoj zamestnanosti a miezd v hospodárstve SR v roku 1995

Zvýšenie zamestnanosti a pokles zamestnanosti v hospodárstve SR za rok 1995. Počty pracovníkov a priemerné mesačné mzdy podľa odvetví ekonomickej činnosti (OKEČ) v hospodárstve SR za 1.-4. štvrťrok 1995. Štatistické údaje.

Enregistré dans:
Détails bibliographiques
Auteur principal: Záhorská, M.
Format: Chapitre de livre
Langue:slovaque
Sujets:
Tags: Ajouter un tag
Pas de tags, Soyez le premier à ajouter un tag!

MARC

LEADER 00000naa a2200000 4500
001 r020698
005 20230424120147.3
041 0 |a slo 
044 |a SK 
245 1 0 |a Vývoj zamestnanosti a miezd v hospodárstve SR v roku 1995  |c M. Záhorská 
520 |a Zvýšenie zamestnanosti a pokles zamestnanosti v hospodárstve SR za rok 1995. Počty pracovníkov a priemerné mesačné mzdy podľa odvetví ekonomickej činnosti (OKEČ) v hospodárstve SR za 1.-4. štvrťrok 1995. Štatistické údaje. 
610 2 0 |a zamestnanosť 
610 2 0 |a mzdy 
610 2 0 |a mzdy priemerné 
610 2 0 |a hospodárstvo národné 
610 2 0 |a odvetvia činnosti ekonomickej 
610 2 0 |a údaje štatistické 
610 2 0 |a Slovensko 
610 2 0 |a 1995 
100 1 |a Záhorská, M.